| 000 | 00854 a2200217 4500 | ||
|---|---|---|---|
| 001 | 54350 | ||
| 005 | 20260407155815.0 | ||
| 008 | 260407a1986 arg spa d | ||
| 003 | AR-UNSa-BCEJYS | ||
| 040 |
_aAR-UNSa-BCEJYS _bspa _cAR-UNSa-BCEJYS |
||
| 080 |
_a347.4 _xObligaciones. Contratos. Acuerdos. Convenios |
||
| 245 | 1 | 0 | _aEl contrato internacional de "joint venture" |
| 020 | _a950-14-0098-0 | ||
| 264 | 1 |
_aBuenos Aires : _bEdiciones Depalma _c1986 |
|
| 300 |
_a86 p. _c23 cm. |
||
| 505 | _a1. Los acuerdos de “joint venture “en el programa de inversiones externas – 2. Los tipos de “joint ventures” – 3. Los elementos generalmente recurrentes en los contratos internacionales de “joint venture” | ||
| 942 | _cBK | ||
| 590 | _aniveau_biblio:m niveau_hierar:0 | ||
| 100 | 1 | _aAstolfi, Andrea | |
| 700 | 1 | _aMoglia Claps, Guillermo | |
| 999 |
_c5511 _d5511 |
||